| 000 | 00631nam a2200181Ia 4500 | ||
|---|---|---|---|
| 008 | 090630s9999 xx 000 0 und d | ||
| 082 | _b24406 | ||
| 100 | _aभास्कर चंदनशिव. | ||
| 245 |
_aमाती आणि नाती. _cभास्कर चंदनशिव. |
||
| 260 | _bनिर्मल - नांदेड. | ||
| 300 | _a0 | ||
| 600 | _aभास्कर चंदनशिव. | ||
| 630 | _aमाती आणि नाती. | ||
| 655 | _aइतर. | ||
| 700 | _aभास्कर चंदनशिव. | ||
| 730 | _aमाती आणि नाती. | ||
| 942 | _cBOOK | ||
| 999 |
_c276262 _d276262 |
||